000 00539nam a22002177a 4500
999 _c458949
_d458949
001 216216928
003 UA-OsUOA
005 20200422100540.0
008 200422b un ||||| |||| 00| 0 ukr d
040 _aUA-OsUOA
_bukr
_cUA-OsUOA
_dUA-OsUOA
041 _aukr
080 _a821.161.2
090 _a821.161.2
_bР95
100 _aРитхеу Ю
245 _aІній на порозі
_cЮрій Ритхеу
260 _aКиїв
_bДніпро
_c1974
300 _a231 с.
650 _2821
942 _2udc
_cBK
955 _a3